000 00226nam a2200097Ia 4500
005 20251222114346.0
008 251222s1900||||xx |||||||||||||| ||spa||
082 _aDVD0092/T53
245 0 _aDe la Tierra a las Gentes.
942 _cDVD
999 _c1029
_d1029